[Event "Ljubljana-chT 74th"]
[Site "Ljubljana"]
[Date "2022.03.03"]
[Round "7.3"]
[White "Tomac, Kristof"]
[Black "Rozic, Adrijan"]
[Result "0-1"]
[WhiteElo "1264"]
[BlackElo "2043"]
[PlyCount "101"]
[EventDate "2022.01.13"]
[EventType "team-swiss"]
[EventRounds "9"]
[EventCountry "SLO"]
[SourceTitle "EXT 2024"]
[Source "ChessBase"]
[SourceDate "2023.10.10"]
[SourceVersion "1"]
[SourceVersionDate "2023.10.10"]
[SourceQuality "1"]
[WhiteTeam "Ljubljana SK"]
[BlackTeam "Ig"]
[WhiteTeamCountry "SLO"]
[BlackTeamCountry "SLO"]

1. e4 e6 2. d4 d5 3. Nd2 Nf6 4. e5 Nfd7 5. Bd3 c5 6. c3 Nc6 7. Ne2 cxd4 8. cxd4 f6 9. Nf4 Nxd4 10. Qh5+ Ke7 11. Ng6+ hxg6 12. Qxh8 Nxe5 13. Bb1 Kf7 14. 0-0 Bd7 15. f4 Ng4 16. Qh3 f5 17. Nf3 Ne2+ 18. Kh1 Be7 19. Bd3 Nxc1 20. Raxc1 Bf6 21. Qg3 Rc8 22. Rce1 Qb6 23. Ne5+ Nxe5 24. fxe5 Be7 25. Re2 Qd4 26. Qh3 Kg8 27. Rg1 Qf4 28. Ree1 Qg5 29. g4 Bc5 30. gxf5 Bxg1 31. fxg6 Qh6 32. Qxh6 gxh6 33. Rxg1 Rf8 34. h4 Rf4 35. Rg2 Rxh4+ 36. Kg1 Rf4 37. g7 Re4 38. Bxe4 dxe4 39. Kf2 Bc6 40. Ke3 h5 41. Rg5 h4 42. Kf4 h3 43. Kg3 e3 44. Kxh3 Bd5 45. a3 e2 46. Rg1 Be4 47. Kh4 Bg6 48. Re1 Bd3 49. Rg1 Bg6 50. Re1 Bd3 51. Kg4 0-1

[Event "SLO-chT Central 22nd"]
[Site "Slovenia"]
[Date "2021.10.07"]
[Round "4.3"]
[White "Tomac, Kristof"]
[Black "Rojs, Igor"]
[Result "0-1"]
[WhiteElo "1264"]
[BlackElo "1943"]
[PlyCount "186"]
[EventDate "2021.09.16"]
[EventType "team-tourn"]
[EventRounds "7"]
[EventCountry "SLO"]
[SourceTitle "EXT 2024"]
[Source "ChessBase"]
[SourceDate "2023.10.10"]
[SourceVersion "1"]
[SourceVersionDate "2023.10.10"]
[SourceQuality "1"]
[WhiteTeam "Ljubljana SK"]
[BlackTeam "Trzin Buscotrade"]
[WhiteTeamCountry "SLO"]
[BlackTeamCountry "SLO"]

1. e4 d5 2. d4 dxe4 3. Nc3 Nf6 4. f3 exf3 5. Nxf3 c6 6. Bg5 e6 7. Qd2 Be7 8. 0-0-0 Nbd7 9. h4 Nb6 10. Ne5 Bd7 11. Bd3 Nbd5 12. Nxd5 Nxd5 13. c4 Nb4 14. Bb1 f6 15. Nxd7 Qxd7 16. Be3 0-0-0 17. a3 Na6 18. Ba2 c5 19. Qf2 Qc7 20. d5 e5 21. Bb1 g6 22. h5 f5 23. hxg6 hxg6 24. g4 f4 25. Bd2 g5 26. Bf5+ Kb8 27. Bc3 Bf6 28. Rde1 Rh4 29. Qe2 Re8 30. Be6 Reh8 31. Rxh4 gxh4 32. Bxe5 Bxe5 33. Qxe5 Qxe5 34. Rxe5 Nc7 35. Bf5 Re8 36. Rxe8+ Nxe8 37. g5 Kc7 38. Kd2 Kd6 39. Ke2 Ke5 40. Bh3 Nd6 41. b3 Ne4 42. g6 Kf6 43. Kf3 Ng5+ 44. Kg4 Kxg6 45. Kxh4 Ne4 46. Bg2 Nd2 47. Kg4 Nxb3 48. Kxf4 Kf6 49. Ke4 Nd4 50. Bh3 Ke7 51. Bg4 Kd6 52. Kf4 b5 53. cxb5 Nxb5 54. Bf3 Nxa3 55. Ke3 Nc4+ 56. Ke2 Nb6 57. Kd3 Nxd5 58. Kc4 Nc7 59. Be2 Kc6 60. Bf3+ Kb6 61. Be4 Nb5 62. Bd3 a5 63. Kb3 Nd6 64. Ka4 Nf7 65. Be4 Ne5 66. Bc2 Nf3 67. Bd3 Ne5 68. Bc2 Nc6 69. Bd3 Nb4 70. Bc4 Nc6 71. Bd3 Nd8 72. Bc4 Nb7 73. Bd3 Nd6 74. Bc2 c4 75. Bb1 Nb7 76. Bc2 Nc5+ 77. Ka3 Kb5 78. Bg6 c3 79. Bf7 Kc6 80. Bg6 Kd5 81. Bf5 Kd4 82. Bc2 Ke3 83. Bb1 Kd2 84. Ka2 c2 85. Bxc2 Kxc2 86. Ka1 Kb3 87. Kb1 Ka3 88. Ka1 Nb3+ 89. Kb1 a4 90. Kc2 Ka2 91. Kc3 a3 92. Kc2 Na1+ 93. Kc1 Kb3 0-1

[Event "SLO-ch U14"]
[Site "Ptuj"]
[Date "2017.02.28"]
[Round "5"]
[White "Kocar, Jaka"]
[Black "Tomac, Kristof"]
[Result "1/2-1/2"]
[WhiteElo "1411"]
[BlackElo "1289"]
[PlyCount "70"]
[EventDate "2017.02.25"]
[EventType "swiss"]
[EventRounds "9"]
[EventCountry "SLO"]
[SourceTitle "CBM 177 Extra"]
[Source "ChessBase"]
[SourceDate "2017.04.27"]
[SourceVersion "1"]
[SourceVersionDate "2017.04.27"]
[SourceQuality "1"]

1. e4 e6 2. d4 Be7 3. Nf3 Nf6 4. e5 Ne4 5. Bd3 d5 6. 0-0 0-0 7. Nbd2 Nxd2 8. Bxd2 Nd7 9. Re1 c5 10. c3 c4 11. Bc2 Nb6 12. Qc1 Bd7 13. Bg5 f6 14. exf6 Bxf6 15. Qd2 a5 16. Bxf6 Qxf6 17. Ne5 Rae8 18. Re3 Bb5 19. Rf3 Qe7 20. Rh3 g6 21. Rg3 Rf6 22. b3 Qg7 23. Rf3 Rxf3 24. Nxf3 Nd7 25. h3 Bc6 26. Re1 e5 27. dxe5 Nxe5 28. Nd4 Qd7 29. Nxc6 Qxc6 30. f4 Nf7 31. Rxe8+ Qxe8 32. f5 Qc6 33. Kh1 Kh8 34. Kg1 Kg8 35. Kh1 Nh8 1/2-1/2

[Event "SLO-ch U14"]
[Site "Ptuj"]
[Date "2017.02.25"]
[Round "1"]
[White "Tomac, Kristof"]
[Black "Hiti, Erik"]
[Result "0-1"]
[WhiteElo "1289"]
[BlackElo "1541"]
[PlyCount "76"]
[EventDate "2017.02.25"]
[EventType "swiss"]
[EventRounds "9"]
[EventCountry "SLO"]
[SourceTitle "CBM 177 Extra"]
[Source "ChessBase"]
[SourceDate "2017.04.27"]
[SourceVersion "1"]
[SourceVersionDate "2017.04.27"]
[SourceQuality "1"]

1. Nf3 Nf6 2. e3 d6 3. Be2 g6 4. 0-0 Bg7 5. d4 0-0 6. c4 c5 7. Nbd2 Nc6 8. Nb3 b6 9. d5 Nb4 10. Bd2 Na6 11. a4 Bd7 12. Qc2 Nc7 13. e4 e5 14. dxe6 Nxe6 15. e5 Ne8 16. exd6 Nxd6 17. Bc3 Qe8 18. Rad1 Nf5 19. Rfe1 Bxa4 20. Bd3 Bxc3 21. Qxc3 Nfg7 22. Rd2 Qc8 23. Be4 Bc6 24. Bd5 Re8 25. Ne5 Bxd5 26. cxd5 Nd4 27. Nxd4 cxd4 28. Qxc8 Raxc8 29. Rxd4 f6 30. Nf3 Rxe1+ 31. Nxe1 Rd8 32. f4 Nf5 33. Rd3 Rd6 34. Nc2 Kf7 35. Nb4 Ne7 36. Nc6 Nxc6 37. dxc6 Rxd3 38. c7 Rd1+ 0-1